000
00355nam a22001337a 4500
999
_c
534814
_d
534814
020
_a
9788131517378
082
_a
005.72 SKL
100
_a
Sklar, Joel
245
_a
Web Design Principles /
_c
Joel Sklar
260
_a
New Delhi :
_b
Cengage Learning,
_c
2017.
300
_a
648 p.
942
_2
ddc
_c
BK